| 000 | 00502nam a22001457a 4500 | ||
|---|---|---|---|
| 003 | 0 | ||
| 005 | 20230610090120.0 | ||
| 008 | 230610b xxu||||| |||| 00| 0 eng d | ||
| 050 |
_aPN6710 _b.B38 2022 |
||
| 245 |
_aOtherwordly: a graphic novel on living in the Philippines as an adult third culture kid from the middle east _cBaul, Marianne |
||
| 260 |
_aLas Pinas City _bSouthville International School and Colleges _cC2022 |
||
| 300 |
_aviii,141pp. _c28cm. |
||
| 500 | _aGraphic novel. | ||
| 942 |
_2lcc _cTH |
||
| 999 |
_c364969 _d364969 |
||